00529pab a2200169 454500008004000000100002600040245004500066260000900111300001300120362001200133650002100145650001300166773004700179909001000226999001700236952010600253180718b2004 xxu||||| |||| 00| 0 eng d aGonela, Saradhi Kumar aIndian railways - yesterday and tomorrow c2004 ap.67-77. aJan-Mar aRailways - India aRailways aJournal of Institute of Public Enterprises a63111 c63111d63111 00104070aIIPAbIIPAd2018-07-19hVolume no: 27, Issue no: 1-2pAR63561r2018-07-19w2018-07-19yAR